Hell At Night lyrics -Bigxthaplug, Ella Langley - Statistics

General Stats
  • This quiz has been taken 5 times
  • The average score is 140 of 356
Answer Stats
Answer % Correct
a
100%
at
100%
he
100%
hell
100%
night
100%
an
75%
and
75%
i
75%
I
75%
it
75%
the
75%
when
75%
you
75%
damn
50%
hope
50%
its
50%
to
50%
better
25%
cant
25%
car
25%
close
25%
cold
25%
ends
25%
eyes
25%
funny
25%
get
25%
gettin
25%
hear
25%
heartbreaks
25%
how
25%
id
25%
ignore
25%
just
25%
last
25%
let
25%
like
25%
live
25%
loud
25%
love
25%
make
25%
makes
25%
mornin
25%
movin
25%
on
25%
revenge
25%
so
25%
sound
25%
straight
25%
than
25%
that
25%
thing
25%
think
25%
through
25%
too
25%
want
25%
way
25%
your
25%
about
0%
aint
0%
along
0%
ay
0%
bad
0%
bridges
0%
burnin
0%
burns
0%
but
0%
by
0%
call
0%
casue
0%
cause
0%
cigarette
0%
comes
0%
day
0%
do
0%
does
0%
every
0%
everyday
0%
everytime
0%
feelings
0%
finally
0%
find
0%
forget
0%
forgive
0%
go
0%
good
0%
grow
0%
grudge
0%
have
0%
head
0%
heater
0%
holdin
0%
home
0%
hopin
0%
hurt
0%
im
0%
in
0%
kind
0%
know
0%
learned
0%
leave
0%
life
0%
lived
0%
me
0%
meet
0%
memories
0%
my
0%
never
0%
nightmare
0%
of
0%
old
0%
one
0%
or
0%
out
0%
person
0%
play
0%
right
0%
runnin
0%
screen
0%
see
0%
shot
0%
single
0%
sky
0%
some
0%
song
0%
stare
0%
stolen
0%
store
0%
thunder
0%
time
0%
tossin
0%
turn
0%
turnin
0%
up
0%
wall
0%
wanna
0%
what
0%
while
0%
yall
0%
No matching quizzes found
Score Distribution
Percent of People with Each Score
Percentile by Number Answered
Your Score History
You have not taken this quiz